banner koha

Ela só queria casar / (Registro n. 8261)

MARC details
000 -LÍDER
campo de controle de tamanho fixo 01395nam a2200265 a 4500
001 - NÚMERO DE CONTROLE
campo de controle BS0003198
003 - IDENTIFICADOR DO NÚMERO DE CONTROLE
campo de controle BR-BrBNA
005 - DATA E HORÁRIO DA ÚLTIMA TRANSAÇÃO
campo de controle 20230418192239.0
008 - CAMPO DE DADOS FIXOS--INFORMAÇÃO GERAL
campo de controle de tamanho fixo 230308b |||||||| |||| 00| 0 por d
040 ## - FONTE DA CATALOGAÇÃO
Instituição da catalogação original BR-BrBNA
Idioma da catalogação por
Instituição que transcreveu o registro Biblioteca Nacional de Agricultura
041 ## - CÓDIGO DE IDIOMA
Código do idioma do texto/trilha sonora ou título diferente por
072 ## - CÓDIGO DE CATEGORIA DE ASSUNTO
Código de Categoria de Assunto B59
090 ## - NÚMERO DE CHAMADA LOCAL
Número de chamada B59 BS0003198
100 1# - ENTRADA PRINCIPAL--NOME PESSOAL
Nome pessoal Marco Aurélio (espírito)
245 1# - TÍTULO
Título Ela só queria casar /
250 1# - EDIÇÃO
Edição 1. ed.
260 3# - PUBLICAÇÃO, DISTRIBUIÇÃO, ETC.
Local de publicação, distribuição, etc. São Paulo, SP:
Nome do editor, distribuidor, etc. Centro de Estudos Vida e Consciência,
Data da publicação, distribuição, etc. 2012.
300 ## - DESCRIÇÃO FÍSICA
Extensão 190 p.
500 ## - NOTA GERAL
Nota geral Psicografado por Marcelo Cézar..<br/>
520 3# - NOTA DE RESUMO, ETC
Resumo, etc. O que você faria se morresse neste exato momento? Teria condições de deixar naturalmente e por tempo indeterminado a pessoa amada ou sua família, seus amigos, seu trabalho, sua casa, seus pertences? Como você reagiria se, em uma fração de segundos, a sua estadia no planeta chegasse ao fim? Aconteceu com Gláucia. Moça bonita, cheia de planos e prestes a se casar, ela descobriu que a Vida é muito mais do que parece e trabalha incansavelmente para que cada um desenvolva seus potenciais ocultos. Diante de um romance envolvente e personagens cativantes, Ela só queria casar.., revela que só acontece o que Deus permite. E Ele só permite o que é melhor para nós!
650 ## - ASSUNTO--TERMO TÓPICO
Cabeçalho tópico ou nome geográfico ESPIRITISMO
650 ## - ASSUNTO--TERMO TÓPICO
Cabeçalho tópico ou nome geográfico LITERATURA ESPÍRITA
909 ## -
-- 202304
-- Sergio Santos
-- 56
-- Sergio Santos
942 ## - ELEMENTOS DE ENTRADA ADICIONADOS (KOHA)
Tipo de material Koha Livros
Exemplares
Situação do descarte Fonte da classificação ou esquema de arquivamento na estante Situação física Não pode ser emprestado Coleção Biblioteca de origem Biblioteca atual Total de empréstimos Número de telefone completo Código de barras Data de último acesso Número do exemplar Tipo de material Koha Situação das perdas Data de aquisição Fonte de aquisição Qualificador de local codificado
  Classificação AGRIS     Acervo Cultural Biblioteca Nacional de Agricultura - Binagri Biblioteca Nacional de Agricultura - Binagri   B59 BS0003198 B59 BS0003198 12/04/2023 01 Livros   2023-04-04 Doação B59

BINAGRI

Telefone: (61)3218-2567/2388/3357/2097 - binagri@agro.gov.br

Ministério da Agricultura e Pecuária , Esplanada dos Ministérios, Bloco D, Anexo B, Brasília/DF, CEP: 70.043-900